Desde las orillas de la política: género y poder en América Latina /
Αποθηκεύτηκε σε:
| Κύριος συγγραφέας: | |
|---|---|
| Άλλοι συγγραφείς: | , |
| Μορφή: | Κείμενο |
| Έκδοση: |
Barcelona:
Universitat de Barcelona
|
| Θέματα: | |
| Ετικέτες: |
Προσθήκη ετικέτας
Δεν υπάρχουν, Καταχωρήστε ετικέτα πρώτοι!
|
MARC
| LEADER | 00000 a a2200000 04500 | ||
|---|---|---|---|
| 001 | 18595 | ||
| 003 | |||
| 040 | |||
| 090 | |a 143700 | ||
| 100 | |a Luna, Lola G. | ||
| 245 | |a Desde las orillas de la política: género y poder en América Latina / |c Lola G. Luna | ||
| 260 | |a Barcelona: |b Universitat de Barcelona | ||
| 300 | |a 148 p. | ||
| 650 | |a MUJERES | ||
| 650 | |a POLITICA | ||
| 650 | |a ASPECTOS POLITICOS | ||
| 650 | |a PODER POLITICO | ||
| 700 | |a comp | ||
| 700 | |a Vilanova, Mercedes | ||
| 700 | |a | ||
| 999 | |c 9812 |d 9812 | ||
